[Event "SVK-chT3C 9900"]
[Site "Slovakia"]
[Date "2000.??.??"]
[Round "?"]
[White "Krnan, Tomas"]
[Black "Bulla, Peter"]
[Result "1-0"]
[WhiteElo "2030"]
[BlackElo "2055"]
[PlyCount "138"]
[GameId "1166641715965952"]
[EventDate "1999.??.??"]
[EventType "team"]
[EventRounds "9"]
[EventCountry "SVK"]
[SourceTitle "EXT 2001"]
[Source "ChessBase"]
[SourceDate "2000.11.22"]
[SourceVersion "1"]
[SourceVersionDate "2000.11.22"]
[SourceQuality "1"]

1. e4 e6 2. d3 Bc5 3. Nd2 a6 4. g3 d5 5. Ngf3 Nc6 6. Bg2 Qf6 7. O-O Nge7 8. c3 h6 9. Qe2 Ba7 10. Re1 Bd7 11. Nf1 dxe4 12. dxe4 O-O-O 13. Be3 g5 14. a4 Bxe3 15. Qxe3 g4 16. N3d2 Qg5 17. Qe2 Ne5 18. b4 Kb8 19. Reb1 b6 20. Qxa6 Bc6 21. Qe2 Rd3 22. h4 gxh3 23. f4 Qg4 24. Qxg4 Nxg4 25. Bxh3 Nf6 26. c4 Nxe4 27. Nxe4 Bxe4 28. Re1 Bb7 29. a5 Rc3 30. axb6 Rxc4 31. bxc7+ Kxc7 32. Rac1 Rxc1 33. Rxc1+ Kb6 34. Ne3 Ba6 35. Bg2 Rd8 36. Ng4 Nf5 37. Ne5 Nd4 38. Re1 Rg8 39. Kf2 Rc8 40. Be4 f5 41. Bb1 Bb7 42. Bd3 Rc3 43. Nd7+ Kc7 44. Nc5 Bd5 45. Ra1 Nc6 46. Na6+ Kb6 47. Nc5 Kc7 48. Na6+ Kc8 49. Rd1 Rb3 50. Bxf5 Rf3+ 51. Ke2 exf5 52. Rxd5 Rxg3 53. Rd6 Rc3 54. Rxh6 Nd4+ 55. Kd2 Rf3 56. Rh8+ Kd7 57. Nc5+ Ke7 58. Rh7+ Kf6 59. Rh4 Kg7 60. Nd3 Rg3 61. Kc3 Nf3 62. Rh1 Ng1 63. b5 Nh3 64. Rf1 Rg6 65. Kc4 Ng1 66. b6 Ne2 67. Rb1 Rc6+ 68. Kb4 Nxf4 69. b7 Nxd3+ 1-0

[Event "SVK-chT1E 0001"]
[Site "Slovakia"]
[Date "2001.??.??"]
[Round "6"]
[White "Hanuliak, Stanislav"]
[Black "Krnan, Tomas"]
[Result "1/2-1/2"]
[WhiteElo "2126"]
[BlackElo "2155"]
[PlyCount "90"]
[GameId "1166642461429760"]
[EventDate "2000.??.??"]
[EventType "team"]
[EventRounds "11"]
[EventCountry "SVK"]
[SourceTitle "EXT 2002"]
[Source "ChessBase"]
[SourceDate "2001.11.25"]
[SourceVersion "1"]
[SourceVersionDate "2001.11.25"]
[SourceQuality "1"]

1. d4 Nf6 2. c4 d6 3. Nc3 g6 4. e4 Bg7 5. Nf3 O-O 6. Be2 e5 7. dxe5 dxe5 8. O-O Nbd7 9. Bg5 Re8 10. Qc2 c6 11. Rad1 Qc7 12. Rfe1 Nc5 13. Be3 Ne6 14. h3 Bf8 15. a3 b6 16. Bf1 Bb7 17. b4 Rad8 18. Rxd8 Rxd8 19. Bd3 Nh5 20. Ne2 c5 21. b5 Qd6 22. Nc1 Nhf4 23. Bxf4 Nxf4 24. Bf1 Qf6 25. Na2 Nxh3+ 26. Kh2 Ng5 27. Nxg5 Qxg5 28. Re3 Bh6 29. Rd3 Rf8 30. Nc3 Qh4+ 31. Rh3 Qf4+ 32. Kg1 Rd8 33. Nd5 Bxd5 34. cxd5 Bg7 35. Bc4 Rd6 36. Rf3 Qg5 37. Qa4 Qe7 38. Qa6 Qd7 39. a4 Qc7 40. Ra3 Bh6 41. a5 Bd2 42. axb6 axb6 43. Qa8+ Qd8 44. Ra7 Qxa8 45. Rxa8+ Kg7 1/2-1/2

[Event "Bratislava Slovan op"]
[Site "Bratislava"]
[Date "2000.??.??"]
[Round "7.3"]
[White "Zetocha, Claudiu Andrei"]
[Black "Krnan, Tomas"]
[Result "1-0"]
[WhiteElo "2388"]
[BlackElo "2030"]
[PlyCount "83"]
[GameId "1166642681241600"]
[EventDate "2000.04.29"]
[EventType "swiss"]
[EventRounds "9"]
[EventCountry "SVK"]
[SourceTitle "EXT 2001"]
[Source "ChessBase"]
[SourceDate "2000.11.22"]
[SourceVersion "1"]
[SourceVersionDate "2000.11.22"]
[SourceQuality "1"]

1. e4 e5 2. Nf3 Nc6 3. Bb5 a6 4. Ba4 Nf6 5. d3 d6 6. c3 b5 7. Bc2 Be7 8. O-O O-O 9. Re1 Na5 10. a4 Bd7 11. d4 Bg4 12. h3 Bxf3 13. Qxf3 Nd7 14. Qe2 exd4 15. cxd4 Nc6 16. Be3 Rb8 17. axb5 axb5 18. Nc3 b4 19. Nd5 Bf6 20. Qd3 g6 21. Ba4 Ne7 22. Nxf6+ Nxf6 23. Bh6 Nh5 24. Bxf8 Qxf8 25. Bb3 Nf4 26. Qf3 Ne6 27. Bxe6 fxe6 28. Qxf8+ Kxf8 29. Ra7 Rc8 30. Rea1 Ke8 31. Ra8 Kd7 32. Rxc8 Nxc8 33. Kf1 Nb6 34. Ke2 Kc6 35. Kd3 Kb7 36. f4 Kc6 37. g4 Kd7 38. Ra7 d5 39. Rb7 Kc8 40. Rxb6 cxb6 41. exd5 exd5 42. Kc2 1-0

[Event "Wch U16"]
[Site "Chalkidiki"]
[Date "2003.10.29"]
[Round "7"]
[White "Feuerstack, Aljoscha"]
[Black "Krnan, Tomas"]
[Result "1-0"]
[WhiteElo "2196"]
[BlackElo "2306"]
[PlyCount "63"]
[GameId "1166645860597760"]
[EventDate "2003.10.23"]
[EventType "swiss"]
[EventRounds "11"]
[EventCountry "GRE"]
[SourceTitle "EXT 2004"]
[Source "ChessBase"]
[SourceDate "2003.11.25"]
[SourceVersion "1"]
[SourceVersionDate "2003.11.25"]
[SourceQuality "1"]

1. e4 d5 2. exd5 Nf6 3. Bb5+ Bd7 4. Be2 Nxd5 5. d4 Bf5 6. Nf3 e6 7. O-O Be7 8. a3 O-O 9. c4 Nb6 10. h3 N8d7 11. Nc3 Re8 12. Be3 a5 13. Qd2 c5 14. Rfd1 cxd4 15. Nxd4 Bg6 16. Ndb5 Nc5 17. Qe1 Qc8 18. Nd6 Bxd6 19. Rxd6 Nba4 20. Nxa4 Nxa4 21. b4 Qc7 22. c5 axb4 23. axb4 b6 24. Bb5 bxc5 25. Bxe8 Qxd6 26. Bxc5 Qd5 27. Bxa4 h5 28. Rd1 Qg5 29. Bc6 Ra2 30. Qe3 Qf5 31. Bd4 Qc2 32. Rc1 1-0

[Event "SVK-chT1E 1415"]
[Site "Slovakia"]
[Date "2015.02.28"]
[Round "8.1"]
[White "Krnan, Tomas"]
[Black "Dors, Ryszard"]
[Result "1-0"]
[WhiteElo "2423"]
[BlackElo "2188"]
[PlyCount "49"]
[GameId "1166658831032320"]
[EventDate "2014.10.18"]
[EventType "team-tourn"]
[EventRounds "11"]
[EventCountry "SVK"]
[SourceTitle "EXT 2016"]
[Source "ChessBase"]
[SourceDate "2015.10.08"]
[SourceVersion "1"]
[SourceVersionDate "2015.10.08"]
[SourceQuality "1"]
[WhiteTeam "Banska Bystrica CVC"]
[BlackTeam "Bardejov"]
[WhiteTeamCountry "SVK"]
[BlackTeamCountry "SVK"]

1. e4 c6 2. Nc3 d5 3. Nf3 Bg4 4. h3 Bxf3 5. Qxf3 Nf6 6. d3 e6 7. Bd2 Nbd7 8. g4 h6 9. O-O-O b5 10. exd5 cxd5 11. Nxb5 Qb6 12. d4 a6 13. Nc3 Rb8 14. b3 Ba3+ 15. Kb1 O-O 16. h4 e5 17. g5 Ne4 18. Nxe4 dxe4 19. Qxe4 exd4 20. gxh6 g6 21. h5 Rfe8 22. Qd5 Ne5 23. hxg6 Nxg6 24. Bc4 Rb7 25. Ba5 1-0

[Event "SVK-chT1E 1415"]
[Site "Slovakia"]
[Date "2015.03.01"]
[Round "9.1"]
[White "Repka, Christopher"]
[Black "Krnan, Tomas"]
[Result "1-0"]
[WhiteElo "2418"]
[BlackElo "2423"]
[PlyCount "120"]
[GameId "1166658831220736"]
[EventDate "2014.10.18"]
[EventType "team-tourn"]
[EventRounds "11"]
[EventCountry "SVK"]
[SourceTitle "EXT 2016"]
[Source "ChessBase"]
[SourceDate "2015.10.08"]
[SourceVersion "1"]
[SourceVersionDate "2015.10.08"]
[SourceQuality "1"]
[WhiteTeam "Sabinov"]
[BlackTeam "Banska Bystrica CVC"]
[WhiteTeamCountry "SVK"]
[BlackTeamCountry "SVK"]

1. d4 Nf6 2. c4 e6 3. Nf3 b6 4. g3 Bb7 5. Bg2 Bb4+ 6. Nbd2 O-O 7. O-O Bxd2 8. Qxd2 d6 9. b3 a5 10. Bb2 Nbd7 11. d5 e5 12. Nh4 Nc5 13. f4 e4 14. Nf5 Bc8 15. Ne3 Ng4 16. Nxg4 Bxg4 17. f5 f6 18. Rf4 Bh5 19. Bd4 Re8 20. Qe3 Nd7 21. Raf1 Ne5 22. Rxe4 Ng4 23. Rxe8+ Qxe8 24. Qe6+ Bf7 25. Qxe8+ Rxe8 26. h3 Ne3 27. Bxe3 Rxe3 28. Kf2 Re8 29. a3 Kf8 30. Rc1 Ra8 31. Rc3 Ke7 32. Re3+ Kf8 33. Rc3 Ke7 34. Ke3 Kf8 35. Kd4 Re8 36. Bf3 Ra8 37. g4 h6 38. Re3 Be8 39. Be4 Kf7 40. h4 Bd7 41. Rg3 Rh8 42. Bc2 Ra8 43. e4 Rh8 44. Bd1 Ke7 45. Kc3 Kf7 46. Kb2 Re8 47. Bf3 Rh8 48. b4 axb4 49. axb4 Ra8 50. Bd1 Be8 51. Re3 Ke7 52. Bb3 Bf7 53. Rc3 Be8 54. Rc1 Bd7 55. Re1 Ra7 56. Rg1 Be8 57. Re1 Bd7 58. Bc2 Ra8 59. Re3 Ra7 60. Rg3 Be8 1-0

[Event "SVK-chT1E 1415"]
[Site "Slovakia"]
[Date "2015.03.14"]
[Round "10.1"]
[White "Mrva, Martin"]
[Black "Krnan, Tomas"]
[Result "1-0"]
[WhiteElo "2417"]
[BlackElo "2423"]
[PlyCount "117"]
[GameId "1166658831409152"]
[EventDate "2014.10.18"]
[EventType "team-tourn"]
[EventRounds "11"]
[EventCountry "SVK"]
[SourceTitle "EXT 2016"]
[Source "ChessBase"]
[SourceDate "2015.10.08"]
[SourceVersion "1"]
[SourceVersionDate "2015.10.08"]
[SourceQuality "1"]
[WhiteTeam "Humenne"]
[BlackTeam "Banska Bystrica CVC"]
[WhiteTeamCountry "SVK"]
[BlackTeamCountry "SVK"]

1. e4 e5 2. Nf3 Nc6 3. Bb5 a6 4. Ba4 Nf6 5. Nc3 b5 6. Bb3 Be7 7. a4 b4 8. Nd5 d6 9. a5 Nxe4 10. Nxe7 Nxe7 11. d4 O-O 12. dxe5 d5 13. Be3 c5 14. Nd2 Nxd2 15. Qxd2 d4 16. Bg5 Qc7 17. O-O Ng6 18. Rfe1 Bb7 19. Qd3 Rac8 20. Qg3 c4 21. Ba4 f6 22. exf6 gxf6 23. Bh6 Qxg3 24. hxg3 Rfd8 25. Re6 Rd5 26. Rb6 Rc7 27. Rxf6 Rh5 28. Bf4 Rf7 29. Rxf7 Kxf7 30. Bd6 Ne5 31. Re1 Bc6 32. g4 Rh6 33. Bxe5 Bxa4 34. Bxd4 Bxc2 35. Bc5 b3 36. Re7+ Kg8 37. Bd4 Rc6 38. Bc3 Rd6 39. Rg7+ Kf8 40. Rc7 Rd1+ 41. Kh2 Bd3 42. Kg3 Rc1 43. Bd4 Ra1 44. Bc3 Rc1 45. Bg7+ Kg8 46. Kf4 Rc2 47. Bd4 Re2 48. Kg5 Re4 49. Bc3 Re2 50. f4 Kf8 51. f5 Rxg2 52. Rxh7 Ke8 53. Kf4 Rc2 54. Rb7 Rg2 55. f6 Rf2+ 56. Ke5 Re2+ 57. Kd4 Re4+ 58. Kd5 Rf4 59. Ke6 1-0

[Event "SVK-chT1E 1415"]
[Site "Slovakia"]
[Date "2015.03.15"]
[Round "11.1"]
[White "Krnan, Tomas"]
[Black "Mazur, Stefan"]
[Result "1-0"]
[WhiteElo "2423"]
[BlackElo "2400"]
[PlyCount "105"]
[GameId "1166658831609856"]
[EventDate "2014.10.18"]
[EventType "team-tourn"]
[EventRounds "11"]
[EventCountry "SVK"]
[SourceTitle "EXT 2016"]
[Source "ChessBase"]
[SourceDate "2015.10.08"]
[SourceVersion "1"]
[SourceVersionDate "2015.10.08"]
[SourceQuality "1"]
[WhiteTeam "Banska Bystrica CVC"]
[BlackTeam "Michalovce Zemplin"]
[WhiteTeamCountry "SVK"]
[BlackTeamCountry "SVK"]

1. e4 e5 2. Nf3 Nc6 3. Bc4 Nf6 4. d3 Be7 5. O-O O-O 6. Re1 d6 7. a4 Na5 8. Ba2 c5 9. c3 Nc6 10. Nbd2 Be6 11. Nc4 h6 12. Bd2 Re8 13. Qb1 Qd7 14. Ne3 Rad8 15. Nd5 Bg4 16. Qd1 Nxd5 17. Bxd5 Bf6 18. h3 Bh5 19. g4 Bg6 20. Nh2 Ne7 21. c4 Nxd5 22. cxd5 b5 23. axb5 Qxb5 24. Bc3 Rc8 25. Ra5 Qb6 26. Qa4 c4 27. dxc4 Bh4 28. Re2 Bxf2+ 29. Rxf2 Qe3 30. Nf1 Qxe4 31. c5 Qxd5 32. cxd6 Qxd6 33. Rxa7 Qd3 34. Qd7 Qc4 35. Ra4 Qb3 36. Rb4 Qa2 37. h4 Rcd8 38. Qa4 Qb1 39. h5 Bd3 40. Qa7 Rf8 41. Bxe5 Rd5 42. Rb8 Kh7 43. Rxf8 Bxf1 44. Rxf1 Qe4 45. Qf2 Rxe5 46. Qf4 Qe2 47. Rxf7 Rg5 48. Rf3 Qe1+ 49. Kg2 Qe2+ 50. Kh3 Qe1 51. Rf1 Qe2 52. Rf5 Qd3+ 53. Qf3 1-0

[Event "SVK-chT 1415"]
[Site "Slovakia"]
[Date "2014.10.25"]
[Round "1.6"]
[White "Krnan, Tomas"]
[Black "Straka, Jozef1"]
[Result "1/2-1/2"]
[WhiteElo "2423"]
[BlackElo "2293"]
[PlyCount "93"]
[GameId "1166658865975296"]
[EventDate "2014.10.25"]
[EventType "team-tourn"]
[EventRounds "11"]
[EventCountry "SVK"]
[SourceTitle "EXT 2015"]
[Source "ChessBase"]
[SourceDate "2014.11.20"]
[SourceVersion "1"]
[SourceVersionDate "2014.11.20"]
[SourceQuality "1"]
[WhiteTeam "Liptov Chess School"]
[BlackTeam "Cadca"]
[WhiteTeamCountry "SVK"]
[BlackTeamCountry "SVK"]

1. e4 c5 2. Nf3 e6 3. g3 d6 4. Bg2 Nf6 5. Qe2 Be7 6. O-O O-O 7. c3 Bd7 8. e5 dxe5 9. Nxe5 Nc6 10. Nxc6 Bxc6 11. Bxc6 bxc6 12. d3 Qd5 13. Na3 Rfd8 14. Nc4 Qxd3 15. Qxd3 Rxd3 16. Bg5 h6 17. Bxf6 Bxf6 18. Rfd1 Rad8 19. Rxd3 Rxd3 20. Kf1 Kf8 21. Ke2 Rd5 22. Rd1 Ke7 23. Rd3 e5 24. Ne3 Rxd3 25. Kxd3 Ke6 26. Nc4 Bd8 27. Nd2 Kd5 28. c4+ Ke6 29. Nb3 Bb6 30. a4 a5 31. f3 f5 32. Ke3 h5 33. h3 g6 34. Nc1 Kf6 35. Nb3 Bc7 36. Kd3 f4 37. gxf4 exf4 38. Nxc5 Kf5 39. Ne4 g5 40. c5 g4 41. hxg4+ hxg4 42. Nd6+ Kg5 43. fxg4 Kxg4 44. Ke2 Bd8 45. Kf2 Bh4+ 46. Kf1 Bd8 47. Kf2 1/2-1/2

[Event "Wch Blitz 9th"]
[Site "Berlin"]
[Date "2015.10.14"]
[Round "13"]
[White "Krnan, Tomas"]
[Black "Fedorchuk, Sergey A"]
[Result "0-1"]
[WhiteElo "2440"]
[BlackElo "2635"]
[PlyCount "93"]
[GameId "1166659969998848"]
[EventDate "2015.10.13"]
[EventType "swiss (blitz)"]
[EventRounds "21"]
[EventCountry "GER"]
[SourceTitle "CBM 168 Extra"]
[Source "ChessBase"]
[SourceDate "2015.10.29"]
[SourceVersion "1"]
[SourceVersionDate "2015.10.29"]
[SourceQuality "1"]

1. b3 c5 2. Bb2 b6 3. Nf3 Bb7 4. e3 Nf6 5. Be2 g6 6. O-O Bg7 7. c4 O-O 8. d4 cxd4 9. Nxd4 d6 10. Bf3 Qd7 11. Nc3 Nc6 12. Nde2 Ne5 13. Bxb7 Qxb7 14. Nf4 a6 15. Qe2 Rfc8 16. a4 Nfd7 17. Nfd5 Nc5 18. Ra3 e6 19. Nf4 Nc6 20. Rd1 Rd8 21. Nd3 Nxd3 22. Qxd3 Nb4 23. Qe2 Rac8 24. Raa1 d5 25. Rac1 dxc4 26. Rxd8+ Rxd8 27. Qxc4 a5 28. Qe2 Rc8 29. Nd1 Rxc1 30. Bxc1 Qd5 31. Qd2 Qxb3 32. Qd8+ Bf8 33. Qd2 Nd3 34. Bb2 Bb4 35. Qe2 Nxb2 36. Nxb2 Bc3 37. Nd1 Bf6 38. g3 Qxa4 39. e4 Qb3 40. e5 Be7 41. Ne3 a4 42. Qa6 a3 43. Qc8+ Kg7 44. Qe8 a2 45. Qxe7 a1=Q+ 46. Kg2 Qxe5 47. Qc5 0-1

[Event "SVK-chT2A 2223"]
[Site "Slovakia"]
[Date "2022.11.12"]
[Round "3.2"]
[White "Nicolini, Alexander"]
[Black "Krnan, Tomas"]
[Result "0-1"]
[WhiteElo "2144"]
[BlackElo "2418"]
[PlyCount "126"]
[GameId "1852058230214656"]
[EventDate "2022.10.08"]
[EventType "team-tourn"]
[EventRounds "11"]
[EventCountry "SVK"]
[SourceTitle "EXT 2024"]
[Source "ChessBase"]
[SourceDate "2023.10.10"]
[SourceVersion "1"]
[SourceVersionDate "2023.10.10"]
[SourceQuality "1"]
[WhiteTeam "Trnava Lokomotiva"]
[BlackTeam "Cifer"]
[WhiteTeamCountry "SVK"]
[BlackTeamCountry "SVK"]

1. e4 e5 2. Nf3 Nc6 3. Bc4 Nf6 4. Nc3 Bc5 5. d3 h6 6. h3 a6 7. a3 b5 8. Ba2 d6 9. Nd5 O-O 10. O-O Rb8 11. c3 Nxd5 12. Bxd5 Ne7 13. Bb3 Ng6 14. d4 Bb6 15. dxe5 dxe5 16. Qxd8 Rxd8 17. Re1 c5 18. Be3 c4 19. Bc2 Bxe3 20. Rxe3 f6 21. Rd1 Rxd1+ 22. Bxd1 Nf4 23. Bc2 g5 24. Re1 Kf7 25. Nh2 Be6 26. Ng4 h5 27. Ne3 a5 28. Kf1 Ke7 29. Rd1 h4 30. Ke1 Rg8 31. Kf1 g4 32. hxg4 Bxg4 33. Nd5+ Nxd5 34. Rxd5 Bd7 35. Rd2 Rb8 36. Rd1 b4 37. axb4 axb4 38. cxb4 Rxb4 39. Rb1 Bc6 40. Ke2 f5 41. f3 fxe4 42. fxe4 Rb8 43. Ke3 Rg8 44. Kf3 Kd6 45. Rh1 Rg3+ 46. Kf2 Rg4 47. Kf3 Rf4+ 48. Ke3 Kc5 49. Rd1 Rg4 50. Kf3 Rg3+ 51. Kf2 Rg8 52. Rh1 Rb8 53. Rb1 Ra8 54. Ke3 Ra2 55. Bd1 Kb4 56. Bf3 Ba4 57. Be2 Bb3 58. Rh1 Rxb2 59. Rxh4 c3 60. Rh8 c2 61. Rb8+ Ka3 62. Ra8+ Ba4 63. Kd2 c1=Q+ 0-1

[Event "SVK-chT2A 2223"]
[Site "Slovakia"]
[Date "2022.11.13"]
[Round "4.2"]
[White "Krnan, Tomas"]
[Black "Bincik, Pavol"]
[Result "1-0"]
[WhiteElo "2418"]
[BlackElo "1935"]
[PlyCount "61"]
[GameId "1852058230534144"]
[EventDate "2022.10.08"]
[EventType "team-tourn"]
[EventRounds "11"]
[EventCountry "SVK"]
[SourceTitle "EXT 2024"]
[Source "ChessBase"]
[SourceDate "2023.10.10"]
[SourceVersion "1"]
[SourceVersionDate "2023.10.10"]
[SourceQuality "1"]
[WhiteTeam "Cifer"]
[BlackTeam "Piestany Kupele"]
[WhiteTeamCountry "SVK"]
[BlackTeamCountry "SVK"]

1. e4 c6 2. d4 d5 3. Nc3 dxe4 4. Nxe4 Nf6 5. Nxf6+ exf6 6. c3 Bd6 7. Bd3 Qc7 8. h3 Be6 9. Qc2 h6 10. Ne2 Nd7 11. O-O c5 12. c4 cxd4 13. Nxd4 Ne5 14. Nb5 Qe7 15. Nxd6+ Qxd6 16. Be4 Qc7 17. Qa4+ Bd7 18. Qb4 Bc6 19. Bxc6+ Qxc6 20. b3 O-O-O 21. Be3 a6 22. Rad1 Rhe8 23. Qa5 g5 24. Rd5 Nd7 25. Rfd1 Re5 26. Qd2 Qc7 27. Qd4 Re6 28. Qa7 Qc6 29. Rc5 Nb8 30. Rxd8+ Kxd8 31. Qxb8+ 1-0

[Event "SVK-chT2A 2223"]
[Site "Slovakia"]
[Date "2022.11.26"]
[Round "5.2"]
[White "Beles, Milan"]
[Black "Krnan, Tomas"]
[Result "0-1"]
[WhiteElo "2045"]
[BlackElo "2429"]
[PlyCount "124"]
[GameId "1858208882180096"]
[EventDate "2022.10.08"]
[EventType "team-tourn"]
[EventRounds "11"]
[EventCountry "SVK"]
[SourceTitle "EXT 2024"]
[Source "ChessBase"]
[SourceDate "2023.10.10"]
[SourceVersion "1"]
[SourceVersionDate "2023.10.10"]
[SourceQuality "1"]
[WhiteTeam "Pezinok"]
[BlackTeam "Cifer"]
[WhiteTeamCountry "SVK"]
[BlackTeamCountry "SVK"]

1. c4 Nf6 2. Nf3 g6 3. b3 Bg7 4. Bb2 O-O 5. g3 a5 6. a3 d6 7. Bg2 e5 8. O-O Re8 9. d3 Nc6 10. Nbd2 h6 11. Qc2 g5 12. h3 g4 13. hxg4 Nxg4 14. e3 f5 15. Rae1 Rf8 16. Nh4 Qe8 17. f3 Nf6 18. f4 Nh5 19. Kh2 Ne7 20. Bf3 Bf6 21. Qd1 Ng7 22. Ba1 Qd8 23. Ng2 Ng6 24. Rh1 exf4 25. exf4 c6 26. Re2 Bxa1 27. Qxa1 Qf6 28. Qxf6 Rxf6 29. Ne3 Ne6 30. Nc2 Bd7 31. Rhe1 Kf8 32. d4 Nc7 33. Bh5 Re8 34. Rxe8+ Nxe8 35. Nf3 Ng7 36. Bxg6 Rxg6 37. Nh4 Re6 38. Rxe6 Bxe6 39. Ne3 Kf7 40. b4 axb4 41. axb4 Kf6 42. Kg2 Ne8 43. Nf3 Nc7 44. Ne1 b5 45. c5 Bd5+ 46. Kf2 Be4 47. cxd6 Na6 48. g4 fxg4 49. Nxg4+ Ke6 50. Ke3 Bb1 51. Nxh6 Nxb4 52. d7 Kxd7 53. Nf7 Nd5+ 54. Kf3 b4 55. Ne5+ Kc7 56. Nc4 Kb7 57. Nb2 Kb6 58. Ned3 Kb5 59. f5 Bxd3 60. Nxd3 b3 61. Ke2 Kc4 62. Ne5+ Kc3 0-1

[Event "SVK-chT2A 2223"]
[Site "Slovakia"]
[Date "2022.11.27"]
[Round "6.1"]
[White "Krnan, Tomas"]
[Black "Federic, Jozef"]
[Result "1-0"]
[WhiteElo "2429"]
[BlackElo "2221"]
[PlyCount "73"]
[GameId "1858208882532352"]
[EventDate "2022.10.08"]
[EventType "team-tourn"]
[EventRounds "11"]
[EventCountry "SVK"]
[SourceTitle "EXT 2024"]
[Source "ChessBase"]
[SourceDate "2023.10.10"]
[SourceVersion "1"]
[SourceVersionDate "2023.10.10"]
[SourceQuality "1"]
[WhiteTeam "Cifer"]
[BlackTeam "Modra II"]
[WhiteTeamCountry "SVK"]
[BlackTeamCountry "SVK"]

1. e4 c5 2. Nf3 e6 3. b3 Nc6 4. Bb2 a6 5. c4 d5 6. cxd5 exd5 7. exd5 Nb4 8. Bc4 Nf6 9. O-O Be7 10. Bxf6 Bxf6 11. Nc3 b5 12. Re1+ Kf8 13. Bf1 Nxd5 14. Ne5 Be6 15. Qf3 Qd6 16. Ng4 Bxg4 17. Qxg4 Bd4 18. Rac1 Rd8 19. a4 bxa4 20. bxa4 Nf6 21. Qh4 h5 22. Ne2 g5 23. Qh3 Be5 24. Ng3 Ng4 25. Be2 Qd4 26. Rf1 Nxh2 27. Nf5 Qe4 28. Rfe1 Rxd2 29. Rxc5 f6 30. Rc8+ Kf7 31. Qb3+ Kg6 32. Ne7+ Kg7 33. Rg8+ Rxg8 34. Qxg8+ Kh6 35. Qf8+ Kh7 36. Qf7+ Kh8 37. Qg8# 1-0

[Event "SVK-chT2A 2223"]
[Site "Slovakia"]
[Date "2023.02.11"]
[Round "8.2"]
[White "Biro, Karol"]
[Black "Krnan, Tomas"]
[Result "0-1"]
[WhiteElo "2016"]
[BlackElo "2433"]
[PlyCount "84"]
[GameId "1902761580134400"]
[EventDate "2022.10.08"]
[EventType "team-tourn"]
[EventRounds "11"]
[EventCountry "SVK"]
[SourceTitle "EXT 2024"]
[Source "ChessBase"]
[SourceDate "2023.10.10"]
[SourceVersion "1"]
[SourceVersionDate "2023.10.10"]
[SourceQuality "1"]
[WhiteTeam "Krasnany"]
[BlackTeam "Cifer"]
[WhiteTeamCountry "SVK"]
[BlackTeamCountry "SVK"]

1. e4 e5 2. Nf3 Nc6 3. d4 exd4 4. Nxd4 Bb4+ 5. c3 Bc5 6. Be2 Nf6 7. Nxc6 bxc6 8. e5 Ne4 9. O-O Qh4 10. Be3 Bxe3 11. fxe3 Qe7 12. Qd4 Ng5 13. Nd2 c5 14. Qf4 Rb8 15. Rab1 O-O 16. Nf3 Ne6 17. Qg3 Rb6 18. Bd3 Bb7 19. Nd2 d5 20. Rf6 g6 21. Nf3 Ng7 22. Qg5 Re8 23. Qh6 Rxf6 24. exf6 Qxe3+ 25. Qxe3 Rxe3 26. fxg7 Rxd3 27. Kf2 d4 28. Re1 Bxf3 29. gxf3 Rd2+ 30. Re2 Rxe2+ 31. Kxe2 Kxg7 32. Kd3 Kf6 33. cxd4 cxd4 34. Kxd4 Kf5 35. Ke3 g5 36. b4 Ke5 37. h3 h6 38. a3 f6 39. b5 Kd5 40. f4 gxf4+ 41. Kxf4 Kc5 42. Kf5 Kxb5 0-1

[Event "SVK-chT2A 2223"]
[Site "Slovakia"]
[Date "2023.02.12"]
[Round "9.2"]
[White "Krnan, Tomas"]
[Black "Ruckschloss, Karol"]
[Result "1-0"]
[WhiteElo "2433"]
[BlackElo "2180"]
[PlyCount "49"]
[GameId "1902761580797952"]
[EventDate "2022.10.08"]
[EventType "team-tourn"]
[EventRounds "11"]
[EventCountry "SVK"]
[SourceTitle "EXT 2024"]
[Source "ChessBase"]
[SourceDate "2023.10.10"]
[SourceVersion "1"]
[SourceVersionDate "2023.10.10"]
[SourceQuality "1"]
[WhiteTeam "Cifer"]
[BlackTeam "Bratislava Slovan IV"]
[WhiteTeamCountry "SVK"]
[BlackTeamCountry "SVK"]

1. e4 d6 2. d4 e5 3. Nf3 exd4 4. Nxd4 Nf6 5. Nc3 Be7 6. Bc4 a6 7. a4 O-O 8. O-O Nbd7 9. Ba2 Nc5 10. Qf3 Be6 11. Nxe6 fxe6 12. Qh3 Kh8 13. Bxe6 Nxe6 14. Qxe6 c6 15. Bf4 Nh5 16. Be3 Nf4 17. Bxf4 Rxf4 18. Rad1 Rf6 19. Qb3 b5 20. Ne2 Qb6 21. Nd4 Raf8 22. axb5 axb5 23. Rd2 R6f7 24. Ne6 Ra8 25. Nd8 1-0

[Event "SVK-chT1E 2223"]
[Site "Slovakia"]
[Date "2022.11.05"]
[Round "3.1"]
[White "Krnan, Tomas"]
[Black "Sandor, Samuel"]
[Result "1-0"]
[WhiteElo "2418"]
[BlackElo "2131"]
[PlyCount "87"]
[GameId "1848728436121600"]
[EventDate "2022.10.15"]
[EventType "team-tourn"]
[EventRounds "11"]
[EventCountry "SVK"]
[SourceTitle "EXT 2024"]
[Source "ChessBase"]
[SourceDate "2023.10.10"]
[SourceVersion "1"]
[SourceVersionDate "2023.10.10"]
[SourceQuality "1"]
[WhiteTeam "Banska Bystrica Junior"]
[BlackTeam "Michalovce Zemplin"]
[WhiteTeamCountry "SVK"]
[BlackTeamCountry "SVK"]

1. e4 c5 2. Nf3 d6 3. Bb5+ Nd7 4. Ba4 Ngf6 5. O-O a6 6. c4 g6 7. Nc3 Bg7 8. d4 cxd4 9. Nxd4 O-O 10. Bb3 Nc5 11. Bc2 Qb6 12. Nde2 Be6 13. Nd5 Nxd5 14. exd5 Bg4 15. Rb1 a5 16. h3 Bd7 17. b3 Qa6 18. a4 Qb6 19. Bg5 Rfe8 20. Qd2 Na6 21. Rbe1 Nb4 22. Be3 Qc7 23. Bb1 Rad8 24. Nd4 e5 25. dxe6 Bxe6 26. f4 d5 27. c5 Bd7 28. f5 Qg3 29. Bf2 Qc7 30. Nf3 Rxe1 31. Rxe1 Re8 32. Rf1 Qd8 33. h4 Qe7 34. h5 Bxf5 35. Bxf5 gxf5 36. h6 Bf6 37. Re1 Qd8 38. Rxe8+ Qxe8 39. Qf4 Nd3 40. Qxf5 Nxf2 41. Qxf6 Nh3+ 42. gxh3 Qe3+ 43. Kg2 Qe2+ 44. Kg3 1-0

[Event "SVK-chT1E 2223"]
[Site "Slovakia"]
[Date "2022.11.06"]
[Round "4.1"]
[White "Krak, Tomas"]
[Black "Krnan, Tomas"]
[Result "0-1"]
[WhiteElo "2302"]
[BlackElo "2418"]
[PlyCount "90"]
[GameId "1848728436461568"]
[EventDate "2022.10.15"]
[EventType "team-tourn"]
[EventRounds "11"]
[EventCountry "SVK"]
[SourceTitle "EXT 2024"]
[Source "ChessBase"]
[SourceDate "2023.10.10"]
[SourceVersion "1"]
[SourceVersionDate "2023.10.10"]
[SourceQuality "1"]
[WhiteTeam "Humenne Reinter II"]
[BlackTeam "Banska Bystrica Junior"]
[WhiteTeamCountry "SVK"]
[BlackTeamCountry "SVK"]

1. e4 e5 2. Nf3 Nc6 3. Nc3 Nf6 4. d4 exd4 5. Nxd4 Bb4 6. Nxc6 bxc6 7. Bd3 O-O 8. O-O Re8 9. Qf3 Rb8 10. h3 Qe7 11. Bg5 h6 12. Bh4 d6 13. Rae1 Qe6 14. a3 Bxc3 15. bxc3 c5 16. Qe2 Bb7 17. f3 Bc6 18. Bg3 d5 19. e5 Nh5 20. Bh2 c4 21. f4 Nxf4 22. Rxf4 cxd3 23. cxd3 Rb3 24. Ref1 Re7 25. Qc2 Rxa3 26. Qb2 Ra6 27. Qb8+ Be8 28. R4f2 c5 29. Bg3 Rb6 30. Qd8 Rd7 31. Qc8 Rc6 32. Qa8 Rdc7 33. Ra1 a6 34. Rb2 Rc8 35. Qa7 Qg6 36. Kh2 Qxd3 37. Rb6 Rxb6 38. Qxb6 Qxc3 39. Qxa6 Bd7 40. Ra3 Qc2 41. e6 Bxe6 42. Be5 Qf5 43. Qd6 f6 44. Bg3 d4 45. Qe7 Bf7 0-1